000 00508 a2200157 4500
999 _c9543
_d9543
020 _ano isbn
050 _aKF 834 MCK 1965
100 _aMckerron, R.G.
_eauthor
245 _aThe Law of delict :
_cR.G. Mckerron
_ba treatise on the principles of liability for civil wrongs in the law of South Africa /
250 _a6th ed.
264 _aSouth Africa:
_bJuta,
_c1965
300 _a815p.
500 _aIncludes bibliographical references and index
650 _aLaw of delict
942 _2lcc
_cBK
_h834
_iMCK
_kKTL